Visualizzazione normale
Vista MARC
- Fossati Ivano
di Personal Name
Records bibliografici associati: 3
001 - CONTROL NUMBER
- control field: 26305
003 - CONTROL NUMBER IDENTIFIER
- control field: IT-RoPau
005 - DATE AND TIME OF LATEST TRANSACTION
- control field: 20140523094001.0
008 - FIXED-LENGTH DATA ELEMENTS
- fixed length control field: 140523|| aca||aabn | a|a d
040 ## - CATALOGING SOURCE
- Original cataloging agency: IT-RoPau
- Transcribing agency: IT-RoPau
100 ## - HEADING--PERSONAL NAME
- Personal name: Fossati Ivano
- Miscellaneous information: Codice autore testo/musica SPICS: 10192
- Relator term: Autore testo/musica
- Name of part/section of a work: Lunaspina - Baia senza vento - Oh che sarà (O que serà)
670 ## - SOURCE DATA FOUND
- Source citation: Work cat.: (IT-RoPau)101152: AA.VV. 794, Di terra e vento